Curso de direito penal : (Record no. 615)
[ view plain ]
| 000 -LÍDER | |
|---|---|
| Campo Fixo de Controle | 00841nam a2200265 a 4500 |
| 001 - NÚMERO DE CONTROLE | |
| Campo de Controle | 615 |
| 003 - IDENTIFICAÇÃO DO NÚMERO DE CONTROLE | |
| Campo de Controle | BR-CuiBMT |
| 005 - DATA E HORA DA ÚLTIMA ATUALIZAÇÃO | |
| Campo de Controle | 20231127141508.0 |
| 008 - DADOS FIXOS | |
| Dados Fixos | 231108b2008 spba 000 0 por d |
| 020 ## - INTERNATIONAL STANDARD BOOK NUMBER | |
| Nº do ISBN | 9788502068131 |
| 040 ## - AGÊNCIA CATALOGADORA | |
| Código da Agência Catalogadora | BR-CuiBMT |
| Agência que transcreveu o registro | BR-CuiBMT |
| 080 ## - Nº DA CLASSIFICAÇÃO DECIMAL UNIVERSAL | |
| Nº edição CDU | 2007 |
| Nº Class. CDU | 343.2/.7 |
| 090 ## - NÚMERO DE CHAMADA | |
| Nº classificação | 343.2/.7 |
| Cutter | C241c |
| Ano/Edição | 12. ed. |
| 100 1# - ENTRADA PRINCIPAL -- AUTOR PESSOAL | |
| Nome pessoal | Capez, Fernando |
| 245 10 - TÍTULO PRINCIPAL | |
| Título principal | Curso de direito penal : |
| Subtítulo | de acordo com a Lei nº 11.466/2007 / |
| Indicação de responsabilidade | Fernando Capez. |
| 250 ## - EDIÇÃO | |
| Edição | 12. ed., rev. e atual. |
| 260 ## - PUBLICAÇÃO, DISTRIBUIÇÃO, ETC. | |
| Local de publicação | São Paulo : |
| Editora | Saraiva, |
| Data | 2008. |
| 300 ## - DESCRIÇÃO FÍSICA | |
| N. páginas ou volumes | v. : |
| Ilustrações | il. ; |
| Dimensões | 23 cm |
| 500 ## - NOTAS GERAIS | |
| Notas gerais | Edição revista e atualizada até a Lei nº 11.466/2007. |
| 504 ## - NOTA DE BIBLIOGRAFIA, ETC. | |
| Nota de bibliografia | Inclui bibliografia. |
| 505 1# - NOTA DE CONTEÚDO | |
| Nota de conteúdo | v. 1. Parte geral (arts. 1º a 120) |
| 590 ## - NOTA LOCAL | |
| Nota local | A Biblioteca possui somente o volume 1. |
| 650 ## - ASSUNTO TÓPICO | |
| Cabeçalho tópico ou nome geográfico | Direito penal |
| Subdivisão geográfica | Brasil |
| 942 ## - ELEMENTOS DE ENTRADA ADICIONAIS (KOHA) | |
| Fonte de classificação ou esquema de arquivamento | Classificação Decimal Universal |
| Tipo de item do Koha | Livros |
| Estado: removido | Estado: perdido | Fonte de classificação ou esquema de arquivamento | Estado: danificado | Indisponível para empréstimo | Localização permanente | Localização atual | Data de aquisição | Numeração serial ou cronológica (Volume) | Total Checkouts | Número de Chamada completo | Código de barras | Date last seen | Número do exemplar | Preço efetivo a partir de | Tipo de item (Koha) |
|---|---|---|---|---|---|---|---|---|---|---|---|---|---|---|---|
| Classificação Decimal Universal | Biblioteca da Escola Superior de Contas do TCE/MT | Biblioteca da Escola Superior de Contas do TCE/MT | 23/09/2008 | v. 1 | 343.2 C241c 12. ed. | BIBTCEMT23110437 | 10/11/2023 | Ex. 1 | 10/11/2023 | Livros |